<?xml version="1.0" encoding="UTF-8"?>
<record
    xmlns:xsi="http://www.w3.org/2001/XMLSchema-instance"
    xsi:schemaLocation="http://www.loc.gov/MARC21/slim http://www.loc.gov/standards/marcxml/schema/MARC21slim.xsd"
    xmlns="http://www.loc.gov/MARC21/slim">

  <leader>04030nam a2200301 a 4500</leader>
  <controlfield tag="001">000027644</controlfield>
  <controlfield tag="003">OSt</controlfield>
  <controlfield tag="005">20220531083956.0</controlfield>
  <controlfield tag="008">110404s1984    dr a          000 0 spa d</controlfield>
  <datafield tag="040" ind1=" " ind2=" ">
    <subfield code="a">DO-SdBNP</subfield>
    <subfield code="b">spa</subfield>
    <subfield code="c">BNPHU</subfield>
  </datafield>
  <datafield tag="049" ind1=" " ind2=" ">
    <subfield code="a"> </subfield>
  </datafield>
  <datafield tag="082" ind1=" " ind2=" ">
    <subfield code="a"> </subfield>
    <subfield code="b">R621c</subfield>
  </datafield>
  <datafield tag="100" ind1="1" ind2=" ">
    <subfield code="a">Rivera Cede&#xF1;o, Ernesto</subfield>
    <subfield code="9">45393</subfield>
  </datafield>
  <datafield tag="245" ind1="1" ind2="4">
    <subfield code="a">Las calles de Higuey :</subfield>
    <subfield code="b">Higuey visto a traves de sus calles /</subfield>
    <subfield code="c">Ernesto Rivera Cede&#xF1;o ; edici&#xF3;n Rafael Garc&#xED;a Romero ; pr&#xF3;logo Ram&#xF3;n de la Rosa y Carpio.</subfield>
  </datafield>
  <datafield tag="260" ind1=" " ind2=" ">
    <subfield code="a">Santo Domingo :</subfield>
    <subfield code="b">Mamey, </subfield>
    <subfield code="c">1984.</subfield>
  </datafield>
  <datafield tag="300" ind1=" " ind2=" ">
    <subfield code="a">145 p. :</subfield>
    <subfield code="b">il. ;</subfield>
    <subfield code="c">21 cm.</subfield>
  </datafield>
  <datafield tag="500" ind1=" " ind2=" ">
    <subfield code="a">Incluye datos biogr&#xE1;ficos del autor en la  p&#xE1;gina 145.</subfield>
  </datafield>
  <datafield tag="505" ind1=" " ind2=" ">
    <subfield code="a">Hig&#xFC;ey  -- La Virgen de la Altagracia -- El santuario  -- El culto de la Altagracia  -- Celebraci&#xF3;n del 21 de enero -- La hermandad de los Toreros de la Virgen  -- Celebraci&#xF3;n del 15 de agosto  -- El pozo de la Virgen  -- La cruz del perd&#xF3;n  -- Las tres cruces  -- La cruz de ceja esperanza  -- Di&#xF3;cesis de nuestra Se&#xF1;ora de la Altagracia  -- Obispos de la di&#xF3;cesis  -- Monse&#xF1;or Juan F. Pepen Soliman  -- Monse&#xF1;or Hugo E. Polanco Brito  -- Monse&#xF1;or Ram&#xF3;n B. de la Rosa y Carpio  -- La provincia  -- Las calles  -- Antonio de Aza  -- Baldemaro Rijo  -- Avenida Vetilio Alf&#xE1;u Dur&#xE1;n  -- Hermanos Trejo  -- Avenida Juan XXIII  -- Abelardo P&#xE9;rez  -- Adamanai  -- Agust&#xED;n Guerrero  -- Alcib&#xED;ades Vallejo  -- Antonio Valdez Hijo  -- Monse&#xF1;or Nouel  -- Beler  -- Bienvenido Creales  -- Cambronal  -- Cayacoa  -- Ces&#xE9; Catrina  -- Cleto Villavicencio  -- Col&#xE9;n Soto  -- Col&#xF3;n -- Comandante Marmolejos  -- Constituci&#xF3;n  -- Cotubanama -- Daniel Herrera  -- Juan de Esquivel  -- Dionisio Arturo Troncoso  -- Doctor Celio Estruch  -- Can&#xF3;nigo Mont&#xE1;s -- Juan Pablo Duarte  -- Duverg&#xE9;  -- Eduardo Morel  -- Enrique Rijo  -- Est&#xE9;fana Brea  -- Eusebio Cedano  -- General Eustaquio Ducoudray  -- Florencio Soler  -- Lic. Humberto Ducoudray  -- Francisco Richiez Ducoudray  -- Francisco Rijo  -- Gaspar Hern&#xE1;ndez  -- Gast&#xF3;n F. Deligne  -- General Gregorio Luper&#xF3;n  -- General Manuel Mar&#xED;a Suero  -- General Santana  -- Hermanos Goico Mart&#xED;nez  -- Hicayagua  -- Higuanam&#xE1;  -- Hu&#xE1;scar Tejeda Pimentel  -- Joaqu&#xED;n Vicioso  -- Jos&#xE9; Audilio Santana  -- Jos&#xE9; Ram&#xF3;n Pay&#xE1;n  -- Manuel Monteagudo  -- Mella  -- Mercedes Alf&#xE1;u Pilier y Celina Pilier  -- Gabriel B. Moreno del Christo  -- Padre Billini  -- Pedro Livio Cede&#xF1;o  -- Policarpia Fr&#xED;as -- Ram&#xF3;n Pumarol  -- Remigio Castillo  -- S&#xE1;nchez  -- San Santiago  -- Santome  -- Teodulo Guerrero Mont&#xE1;s  -- Te&#xF3;filo Guerrero del Rosario -- Te&#xF3;filo Altagracia Reyes  -- Trifol Siminier  -- Ursula Morel  -- V&#xED;ctor de Castro  -- Victoriano Pep&#xE9;n  -- Calle 27 de Febrero  -- Profesora Emma Dora Botello  -- Laguna Llana  -- Juan Ponce de Le&#xF3;n  -- Julita Peignand  -- La Altagracia  -- La limonade  -- La reinosa  -- Las Carreras  -- La Trinitaria -- Lic. F&#xE9;lix Servio Ducoudray  -- Lic. Lorenzo S&#xE1;nchez Rijo -- Julio Rolffot  -- Manuel Emilio G&#xF3;mez -- Santiago Pierre Jacques  -- Ram&#xF3;n Marrero Aristy  -- Can&#xF3;nigo Don Tom&#xE1;s Nu&#xF1;ez  -- Francisco Alberto Caama&#xF1;o De&#xF1;&#xF3;  -- Dionisio Mej&#xED;a  -- Dra. Evangelina Rodr&#xED;guez Perozo  -- Ana Tarcila Valdez  -- Prof. Mortimer Dalmasi  -- Prof. Tulio E. Valdez  -- Jos&#xE9; Timoteo Maduro  -- Prof. Srta. Orfelina Alt. Pilier -- Presidente Antonio Guzm&#xE1;n Fern&#xE1;ndez  -- Prof. Srta. Am&#xE9;rica de Soto  -- Dr. Tom&#xE1;s Ar&#xE9;valo Cede&#xF1;o V.  -- San Vicente de Pa&#xFA;l  -- Mons. Eliseo P&#xE9;rez S&#xE1;nchez  -- Pbro. Bernardo Mont&#xE1;s M.  -- 16 de Agosto -- Jos&#xE9; Loreto Juli&#xE1;n  -- Don Angel Meri&#xF1;o  -- Rafael Comay 2 -- Ap&#xE9;ndice.</subfield>
  </datafield>
  <datafield tag="590" ind1=" " ind2=" ">
    <subfield code="a">Inventariado, 2020/VM</subfield>
  </datafield>
  <datafield tag="650" ind1=" " ind2="7">
    <subfield code="a">Ciudades y pueblos </subfield>
    <subfield code="z">Rep&#xFA;blica Dominicana</subfield>
    <subfield code="9">784</subfield>
  </datafield>
  <datafield tag="650" ind1=" " ind2="7">
    <subfield code="a">Historia local</subfield>
    <subfield code="z"> Higuey (Rep&#xFA;blica Dominicana)  </subfield>
    <subfield code="9">77000</subfield>
  </datafield>
  <datafield tag="651" ind1=" " ind2="0">
    <subfield code="a"> Higuey (Rep&#xFA;blica Dominicana)  </subfield>
    <subfield code="9">76999</subfield>
  </datafield>
  <datafield tag="651" ind1=" " ind2="7">
    <subfield code="a"> Higuey (Rep&#xFA;blica Dominicana)  </subfield>
    <subfield code="x"> </subfield>
    <subfield code="9">26822</subfield>
  </datafield>
  <datafield tag="700" ind1="1" ind2=" ">
    <subfield code="a">Garc&#xED;a Romero, Rafael,</subfield>
    <subfield code="e">ed.</subfield>
    <subfield code="9">17141</subfield>
  </datafield>
  <datafield tag="700" ind1="1" ind2=" ">
    <subfield code="a">Rosa y Carpio, Ram&#xF3;n de la ,</subfield>
    <subfield code="p">rl.</subfield>
    <subfield code="9">54734</subfield>
  </datafield>
  <datafield tag="942" ind1=" " ind2=" ">
    <subfield code="2">ddc</subfield>
    <subfield code="c">LF1</subfield>
  </datafield>
  <datafield tag="952" ind1=" " ind2=" ">
    <subfield code="0">0</subfield>
    <subfield code="1">0</subfield>
    <subfield code="2">ddc</subfield>
    <subfield code="7">1</subfield>
    <subfield code="8">PD</subfield>
    <subfield code="a">BNPHU</subfield>
    <subfield code="b">PD</subfield>
    <subfield code="c">HD</subfield>
    <subfield code="d">2011-04-04</subfield>
    <subfield code="i"> </subfield>
    <subfield code="l">0</subfield>
    <subfield code="o">BNPHU PD 972.9385 R621c</subfield>
    <subfield code="p">27644-10</subfield>
    <subfield code="r">2020-06-25</subfield>
    <subfield code="w">2020-06-25</subfield>
    <subfield code="y">LFPD</subfield>
  </datafield>
  <datafield tag="952" ind1=" " ind2=" ">
    <subfield code="0">0</subfield>
    <subfield code="1">0</subfield>
    <subfield code="2">ddc</subfield>
    <subfield code="7">1</subfield>
    <subfield code="8">PD</subfield>
    <subfield code="a">BNPHU</subfield>
    <subfield code="b">PD</subfield>
    <subfield code="c">HD</subfield>
    <subfield code="d">2019-08-06</subfield>
    <subfield code="e">Reyes Duluc</subfield>
    <subfield code="l">0</subfield>
    <subfield code="o">BNPHU  PD 972.9385 R621c</subfield>
    <subfield code="p">27644-20</subfield>
    <subfield code="r">2020-06-25</subfield>
    <subfield code="w">2020-06-25</subfield>
    <subfield code="y">LFPD</subfield>
  </datafield>
  <datafield tag="956" ind1=" " ind2=" ">
    <subfield code="a">VMateo</subfield>
  </datafield>
  <datafield tag="999" ind1=" " ind2=" ">
    <subfield code="c">27136</subfield>
    <subfield code="d">27136</subfield>
  </datafield>
</record>
